<?xml version="1.0" encoding="UTF-8"?>
<record
    xmlns:xsi="http://www.w3.org/2001/XMLSchema-instance"
    xsi:schemaLocation="http://www.loc.gov/MARC21/slim http://www.loc.gov/standards/marcxml/schema/MARC21slim.xsd"
    xmlns="http://www.loc.gov/MARC21/slim">

  <leader>00580    a2200169   4500</leader>
  <controlfield tag="001">ART_46020</controlfield>
  <controlfield tag="005">20260410161731.0</controlfield>
  <controlfield tag="008">260409a                                 </controlfield>
  <datafield tag="245" ind1="1" ind2="0">
    <subfield code="a">Estudio sobre pr&#xE1;cticas de evaluaci&#xF3;n de docentes universitarios del &#xE1;rea contable</subfield>
  </datafield>
  <datafield tag="100" ind1="1" ind2=" ">
    <subfield code="a">Larramendy, Elsa</subfield>
  </datafield>
  <datafield tag="700" ind1="1" ind2=" ">
    <subfield code="a">Tellechea, Pamela</subfield>
  </datafield>
  <datafield tag="700" ind1="1" ind2=" ">
    <subfield code="a">Fonseca, Diana Luj&#xE1;n</subfield>
  </datafield>
  <datafield tag="700" ind1="1" ind2=" ">
    <subfield code="a">Tavella, Laura</subfield>
  </datafield>
  <datafield tag="700" ind1="1" ind2=" ">
    <subfield code="a">B&#xFC;echele, Gisela</subfield>
  </datafield>
  <datafield tag="700" ind1="1" ind2=" ">
    <subfield code="a">Fern&#xE1;ndez Lorenzo, Liliana Edith</subfield>
  </datafield>
  <datafield tag="773" ind1="0" ind2=" ">
    <subfield code="t">Escritos contables y de administraci&#xF3;n</subfield>
    <subfield code="g">- Vol. 6, N&#xBA; 2 (jul./dic. 2015)</subfield>
    <subfield code="w">REV2758</subfield>
  </datafield>
  <datafield tag="999" ind1=" " ind2=" ">
    <subfield code="c">17834</subfield>
    <subfield code="d">17834</subfield>
  </datafield>
</record>
